000 01204nam a2200289 a 4500
001 000039540
003 DO-SdBNP
005 20250701121839.0
007 ta
008 130705s2006 dr 000 0 spa d
040 _aDO-SdBNP
_bspa
_cBNPHU
082 4 _a378.7293
_bS623p
_222
245 0 0 _aSituación y perspectivas de la investigación en la educación superior y su financiamiento /
_ccoordinadora Bélgica Naut ... [et al.].
260 _aSanto Domingo :
_bSEESCyT,
_c2006.
300 _a31 p. ;
_c22 cm.
500 _aForo Presidencial por la Excelencia de la Educación. Mesas de Trabajo de la SEESCyT
504 _aBibliografía : p. 31
505 _aBibliografía : p. 31
590 _aInventariado, 2021/MFF
650 4 _aEducación superior
_xAspectos económicos
_zRepública Dominicana
_979872
650 4 _aInvestigación científica
_zRepública Dominicana
_936781
650 4 _aPolítica educativa
_zRepública Dominicana
_910500
650 4 _aEducación superior
_xInnovaciones tecnológicas
_979873
700 1 _aNaut, Bélgica,
_ecoor.
_965705
710 1 _aRepública Dominicana.
_bSecretaría de Estado de Educación Superior, Ciencia y Tecnología
_918778
942 _2ddc
_cLF2
999 _c39030
_d39030